Interdependent systems : structure and estimation
Αποθηκεύτηκε σε:
| Κύριος συγγραφέας: | |
|---|---|
| Άλλοι συγγραφείς: | |
| Μορφή: | Βιβλίο |
| Γλώσσα: | English |
| Δημοσίευση: |
Amsterdam : New York :
North-Holland, Elsevier,
1970
|
| Θέματα: | |
| Ετικέτες: |
Προσθήκη ετικέτας
Δεν υπάρχουν, Καταχωρήστε ετικέτα πρώτοι!
|
MARC
| LEADER | 00000cam a2200000 i 4500 | ||
|---|---|---|---|
| 001 | 1/6900 | ||
| 008 | 000617s1970 eng d | ||
| 020 | |a 0444100512 | ||
| 035 | |l 10062095 | ||
| 040 | |a GR-MY-UA |b gre |e aacr | ||
| 041 | 0 | |a eng | |
| 082 | 0 | |a 330.015195 | |
| 100 | 1 | |a Mosbaek, Ernest J. | |
| 245 | 1 | 0 | |a Interdependent systems : |b structure and estimation / |c by Ernest J. Mosbaek and Herman O. Wold ; with contributions by Ejnar Lyttkens, Anders Agren and Lennart Bodin |
| 260 | |a Amsterdam : |a New York : |b North-Holland, |b Elsevier, |c 1970 | ||
| 300 | |a xxii, 542 p. |b tables | ||
| 500 | |a Sole distributor for the U.S.A. and Canada American Elsevier Publishing, 52 Vanderbilt, New York, N.Y., 10017 | ||
| 504 | |a Bibliography: p. 522-531 and index | ||
| 650 | 0 | 0 | |a Econometrics. |
| 650 | 0 | 0 | |a Estimation theory. |
| 650 | 0 | 0 | |a Monte Carlo method. |
| 700 | 1 | |a Wold, Herman O. A., |d 1908-1992. | |
| 700 | 1 | |a Lyttkens, Ejnar. |4 oth | |
| 700 | 1 | |a Agren, Anders. |4 oth | |
| 700 | 1 | |a Bodin, Lennart. |4 oth | |
| 852 | |a INST |b LESVOS |e 20000617 |h 330.01519 MOS |p 005100023863 |q 005100023863 |t BK |y 0 | ||
| 909 | |a Λ |b 076538 | ||
| 970 | |z 2000/06/ΟΙΚΟΝΟΜΟΠΟΥΛΟΥ ΧΡΙΣΤΙΝΑ | ||